Retailing; principles and Methods (Record no. 8508)
[ view plain ]
| 000 -LEADER | |
|---|---|
| fixed length control field | 01083nam a2200325 a 4500 |
| 001 - CONTROL NUMBER | |
| JCCL Control Number | 8508 |
| 003 - CONTROL NUMBER IDENTIFIER | |
| JCCL marc code | BD-JHCC |
| 005 - DATE AND TIME OF LATEST TRANSACTION | |
| control field | 20180227174223.0 |
| 008 - FIXED-LENGTH DATA ELEMENTS--GENERAL INFORMATION | |
| fixed length control field | 180226s1963 u a 001 0 eng d |
| 020 ## - INTERNATIONAL STANDARD BOOK NUMBER | |
| International Standard Book Number | 0070523258 |
| 035 ## - SYSTEM CONTROL NUMBER | |
| system control number | (BD-JHCC)8508 |
| 035 ## - SYSTEM CONTROL NUMBER | |
| system control number | (OCoLC)00703286 |
| 035 ## - SYSTEM CONTROL NUMBER | |
| system control number | GLIS00005555 |
| 040 ## - CATALOGING SOURCE | |
| Original cataloging agency | BD-JhCC |
| Modifying agency | BD-JhCC |
| 041 ## - LANGUAGE CODE | |
| Language code of Book | eng |
| 050 0# - LIBRARY OF CONGRESS CALL NUMBER | |
| Classification number | HF5429 |
| Item number | .R48 1974 |
| 082 ## - DEWEY DECIMAL CLASSIFICATION NUMBER | |
| Classification number | 658.87 |
| Author mark and Year | DUN 1963 |
| 099 ## - LOCAL FREE-TEXT CALL NUMBER | |
| Classification number | HF5429.R48 1974 |
| 100 ## - MAIN ENTRY--PERSONAL NAME | |
| Personal name | Dumcan, Delbert J. |
| 245 00 - TITLE STATEMENT | |
| Title | Retailing; principles and Methods |
| Statement of responsibility, etc | [by] G. Henry Richert [and others] |
| Remainder of title | Delbert J. Dumcan and Charles F. Phillips |
| 250 ## - EDITION STATEMENT | |
| Edition statement | 6th ed. |
| 260 ## - PUBLICATION, DISTRIBUTION, ETC. (IMPRINT) | |
| Place of publication, distribution, etc | New York, |
| Name of publisher, distributor, etc | Gregg and Community College Division, McGraw-Hill |
| Date of publication, distribution, etc | [1963] |
| 300 ## - PHYSICAL DESCRIPTION | |
| Pagination | v, 785 p. : |
| Other physical details | illus. |
| Dimensions | 21 cm. |
| 500 ## - GENERAL NOTE | |
| General note | First-3d ed. by G. H. Richert, 4th-5th ed. by G. H. Richert, W. G. Meyer, and P. G. Haines. |
| 504 ## - BIBLIOGRAPHY, ETC. NOTE | |
| Bibliography, etc | Includes Index |
| 650 #0 - SUBJECT ADDED ENTRY--TOPICAL TERM | |
| Topical term or geographic name as entry element | Retail trade. |
| 700 1# - ADDED ENTRY--PERSONAL NAME | |
| Personal name | Richert, G. Henry |
| Fuller form of name | (Gottlieb Henry), |
| Dates associated with a name | 1895- |
| Title of a work | Retailing. |
| 942 ## - ADDED ENTRY ELEMENTS (KOHA) | |
| Source of classification or shelving scheme | Dewey Decimal Classification |
| Koha item type | Books |
| Source of classification or shelving scheme | Damaged status | Not for loan | Home library | Current library | Shelving location | Total Checkouts | Full call number | Barcode | Date last seen | Copy number | Koha item type | Date of accession | Source of acquisition |
|---|---|---|---|---|---|---|---|---|---|---|---|---|---|
| Dewey Decimal Classification | JCC Rouf Library | JCC Rouf Library | General Stacks | 658.87 DUN 1963 | 11237 | 02/26/2018 | C - 1 | Books | |||||
| Dewey Decimal Classification | JCC Rouf Library | JCC Rouf Library | General Stacks | 658.87 DUN 1963 | 11293 | 02/27/2018 | C-1 | Books | 02/27/2018 | Asia foundation |